| 000 | 00416nam a22001337a 4500 | ||
|---|---|---|---|
| 040 | _cNUST | ||
| 082 | _a200 THE | ||
| 100 |
_aMaryam Naveed _989209 |
||
| 110 |
_aSupervisor Dr. Arslan Shaukat _989210 |
||
| 245 | _aTH-SOF-1966-Generalized Churn Classification Across Multiple Business Domains | ||
| 260 |
_aISLAMABAD: _bNUST COLLEGE OF EME _c2022. |
||
| 650 |
_aMS-COMPUTER ENGINEERING-18 _989211 |
||
| 942 |
_2ddc _cTHE |
||
| 999 |
_c588022 _d588022 |
||